| 000 | 00469nam a2200169Ia 4500 | ||
|---|---|---|---|
| 008 | 221030s9999 xx 000 0 und d | ||
| 020 | _a8178081032 | ||
| 041 | _aEnglish | ||
| 082 |
_a105.23 _bAho |
||
| 100 | _aA. V. Aho ( PR ) | ||
| 245 | 4 |
_aThe Design & Analysis Of Computer Algorithms ( PR ) _cby A. V. Aho ( PR ), J. E. Hopcroft |
|
| 260 |
_bPearson Education _aDelhi _c2002 |
||
| 300 | _a470 | ||
| 650 | _aBE Computer | ||
| 700 | _aJ. E. Hopcroft | ||
| 942 | _cBK | ||
| 999 |
_c1316 _d1316 |
||